[Event "ch-ROU U18 2019"]
[Site "Calimanesti-Caciulata ROU"]
[Date "2019.04.22"]
[Round "9.1"]
[White "Stoleriu , George"]
[Black "Ileana, George"]
[Result "1/2-1/2"]
[WhiteElo "2368"]
[BlackElo "2352"]
[PlyCount "94"]
[EventDate "2019.04.15"]

1. e4 d6 2. d4 Nf6 3. Nc3 g6 4. Nf3 Bg7 5. Bc4 O-O 6. Bb3 c6 7. a4 Nbd7 8. O-O
e5 9. dxe5 dxe5 10. Qd6 Ne8 11. Qa3 Bf6 12. Bh6 Be7 13. Qa2 Ng7 14. Rad1 Qc7
15. Ng5 Bxg5 16. Bxg5 Nc5 17. Bc4 Be6 18. Rd2 Bxc4 19. Qxc4 Nce6 20. Be3 Rfd8
21. Rfd1 Rxd2 22. Rxd2 b6 23. g3 Nh5 24. Kg2 Nf6 25. h3 Kg7 26. Ne2 a6 27. f3
b5 28. Qc3 c5 29. Nc1 Rc8 30. Nd3 c4 31. Nb4 a5 32. Nd5 b4 33. Nxc7 bxc3 34.
Nxe6+ fxe6 35. bxc3 Rb8 36. Rd6 Rb2 37. Rxe6 Rxc2+ 38. Bf2 Rxc3 39. Rxe5 Rc2
40. Rxa5 Kf7 41. Ra7+ Ke6 42. Ra6+ Ke7 43. g4 Nd7 44. Kg3 Ne5 45. Bd4 Nd3 46.
f4 Re2 47. Kf3 Rh2 1/2-1/2

[Event "Romania National Chess Championship 201"]
[Site "Olanesti, Hotel Parang"]
[Date "2019.03.02"]
[Round "1.8"]
[White "Stoleriu , George"]
[Black "Iustin, Silviu"]
[Result "1-0"]
[WhiteElo "2352"]
[BlackElo "1991"]
[PlyCount "45"]
[EventDate "2019.03.02"]
[EventRounds "9"]

1. e4 e6 2. d4 d5 3. Nc3 Nf6 4. e5 Nfd7 5. f4 c5 6. Nf3 Nc6 7. Be3 Qb6 8. Na4
Qa5+ 9. c3 a6 10. dxc5 Nxc5 11. Nxc5 Bxc5 12. b4 Nxb4 13. cxb4 Bxb4+ 14. Bd2
Bd7 15. Rb1 Bxd2+ 16. Qxd2 Qxd2+ 17. Kxd2 b5 18. Bd3 Ke7 19. Rhc1 Ra7 20. Nd4
h6 21. Nc6+ Bxc6 22. Rxc6 Kd7 23. Rbc1 1-0

[Event "Romania National Chess Championship 201"]
[Site "Olanesti, Hotel Parang"]
[Date "2019.03.04"]
[Round "3.1"]
[White "Stoleriu , George"]
[Black "Nevednichy, Vladislav"]
[Result "1/2-1/2"]
[WhiteElo "2352"]
[BlackElo "2532"]
[PlyCount "31"]
[EventDate "2019.03.02"]
[EventRounds "9"]

1. Nf3 Nf6 2. c4 g6 3. b3 Bg7 4. Bb2 O-O 5. g3 d6 6. Bg2 e5 7. d3 c5 8. O-O Nc6
9. Nc3 h6 10. e4 a6 11. Qd2 Rb8 12. Nd5 Bg4 13. h3 Bxf3 14. Bxf3 Nxd5 15. cxd5
Nd4 16. Bxd4 1/2-1/2

[Event "Romania National Chess Championship 201"]
[Site "Olanesti, Hotel Parang"]
[Date "2019.03.05"]
[Round "4.4"]
[White "Posedaru , Bogdan"]
[Black "Stoleriu , George"]
[Result "1/2-1/2"]
[WhiteElo "2337"]
[BlackElo "2352"]
[PlyCount "37"]
[EventDate "2019.03.02"]
[EventRounds "9"]

1. d4 e6 2. c4 Nf6 3. Nc3 Bb4 4. Qc2 O-O 5. a3 Bxc3+ 6. Qxc3 b6 7. g3 Bb7 8.
Nf3 c5 9. dxc5 bxc5 10. Bg2 a5 11. Bg5 d6 12. Bxf6 Qxf6 13. Qxf6 gxf6 14. O-O-O
Rd8 15. Ne1 Bxg2 16. Nxg2 Nc6 17. Rd3 Kf8 18. Rhd1 Ke7 19. Nf4 1/2-1/2

[Event "Romania National Chess Championship 201"]
[Site "Olanesti, Hotel Parang"]
[Date "2019.03.06"]
[Round "5.5"]
[White "Stoleriu , George"]
[Black "Ileana, George"]
[Result "1/2-1/2"]
[WhiteElo "2352"]
[BlackElo "2325"]
[PlyCount "118"]
[EventDate "2019.03.02"]
[EventRounds "9"]

1. e4 c5 2. Nf3 d6 3. Bb5+ Nd7 4. d4 cxd4 5. Qxd4 a6 6. Bxd7+ Bxd7 7. c4 e5 8.
Qd3 b5 9. Nc3 Qb8 10. O-O h6 11. Rd1 Nf6 12. Ne1 Be7 13. Nc2 O-O 14. Ne3 bxc4
15. Nxc4 Be6 16. Be3 Bxc4 17. Qxc4 Rc8 18. Qe2 Qb4 19. f3 Rab8 20. Rd2 Qc4 21.
Rc1 Qxe2 22. Rxe2 Rc6 23. Kf2 Bd8 24. Nd5 Rbc8 25. Rxc6 Rxc6 26. Nb4 Rc4 27.
Nxa6 Ra4 28. Nb8 Rxa2 29. Nc6 Ra8 30. Rd2 Bc7 31. Rc2 Bd8 32. Rd2 Bc7 33. b4
Kf8 34. b5 Nd7 35. Nb4 Ke8 36. Na6 Kd8 37. Rc2 Ba5 38. Rc6 Ke7 39. Ke2 Nf6 40.
Rc2 Nd7 41. g4 Rd8 42. Ra2 Bb6 43. Nb4 Ke6 44. Nd5 Rb8 45. Ra6 Bxe3 46. Kxe3
Nf6 47. Nc3 Nd7 48. Ra7 Nb6 49. h4 g6 50. g5 hxg5 51. hxg5 d5 52. exd5+ Nxd5+
53. Nxd5 Kxd5 54. Rxf7 Rxb5 55. Rf6 Rb3+ 56. Kf2 e4 57. fxe4+ Kxe4 58. Rxg6 Kf5
59. Rg8 Rb6 1/2-1/2

[Event "Romania National Chess Championship 201"]
[Site "Olanesti, Hotel Parang"]
[Date "2019.03.07"]
[Round "6.6"]
[White "Vrencian , Lehel"]
[Black "Stoleriu , George"]
[Result "0-1"]
[WhiteElo "2304"]
[BlackElo "2352"]
[PlyCount "68"]
[EventDate "2019.03.02"]
[EventRounds "9"]

1. d4 e6 2. Nf3 Nf6 3. c4 Bb4+ 4. Bd2 Qe7 5. g3 O-O 6. Bg2 Bxd2+ 7. Qxd2 d6 8.
Nc3 c6 9. O-O Re8 10. Rad1 h6 11. Qc2 e5 12. dxe5 dxe5 13. Nd2 Na6 14. a3 Bg4
15. b4 Nc7 16. h3 Be6 17. Na4 Nd7 18. Qb2 Rab8 19. Ne4 Red8 20. Nd6 Nb6 21.
Nxb6 Rxd6 22. Rxd6 Qxd6 23. c5 Qd4 24. Na4 Nb5 25. Qxd4 exd4 26. Ra1 Bb3 27.
Nb2 a5 28. e3 dxe3 29. fxe3 Rd8 30. a4 Nc3 31. Ra3 Ne2+ 32. Kh2 Nc1 33. bxa5
Rd2 34. Ra1 Bd5 0-1

[Event "Romania National Chess Championship 201"]
[Site "Olanesti, Hotel Parang"]
[Date "2019.03.08"]
[Round "7.4"]
[White "Stoleriu , George"]
[Black "Ciorgovean, Iustin"]
[Result "1/2-1/2"]
[WhiteElo "2352"]
[BlackElo "2276"]
[PlyCount "45"]
[EventDate "2019.03.02"]
[EventRounds "9"]

1. e4 c5 2. Nf3 d6 3. Bb5+ Nd7 4. Ba4 Ngf6 5. O-O e6 6. Re1 a6 7. c4 Be7 8. Nc3
O-O 9. d3 b6 10. h3 Ne5 11. a3 Nxf3+ 12. Qxf3 Bb7 13. Qe2 Nd7 14. Rb1 Ne5 15.
b4 Bf6 16. Qc2 Nc6 17. Ne2 Nd4 18. Nxd4 Bxd4 19. Bb2 e5 20. bxc5 Bxc5 21. Bc1
Rc8 22. Be3 Bc6 23. Bxc6 1/2-1/2

[Event "Romania National Chess Championship 201"]
[Site "Olanesti, Hotel Parang"]
[Date "2019.03.09"]
[Round "8.3"]
[White "Nastase, Robert Paul"]
[Black "Stoleriu , George"]
[Result "1-0"]
[WhiteElo "2269"]
[BlackElo "2352"]
[PlyCount "81"]
[EventDate "2019.03.02"]
[EventRounds "9"]

1. e4 e6 2. d4 d5 3. Nc3 Bb4 4. e5 c5 5. a3 Bxc3+ 6. bxc3 Qc7 7. Qg4 f6 8. Nf3
c4 9. Be2 Nc6 10. Qg3 Qf7 11. O-O Nge7 12. exf6 gxf6 13. Nh4 Rg8 14. Qd6 Bd7
15. Qc7 Bc8 16. Qd6 Bd7 17. Qc7 Bc8 18. f4 Ng6 19. Qxf7+ Kxf7 20. Nf3 Nce7 21.
Kf2 Nf5 22. g3 Nd6 23. Nd2 Bd7 24. a4 Kg7 25. Ba3 Nf7 26. Bf3 Nh6 27. Rfb1 Bc6
28. h4 Kf7 29. Nxc4 dxc4 30. Bxc6 bxc6 31. Rb7+ Ke8 32. Rab1 Nf8 33. Re7+ Kd8
34. Rbb7 Ng6 35. Red7+ Ke8 36. h5 Nf8 37. Re7+ Kd8 38. Bb4 a5 39. Bc5 f5 40.
Bb6+ Kc8 41. Rbc7+ 1-0

[Event "Romania National Chess Championship 201"]
[Site "Olanesti, Hotel Parang"]
[Date "2019.03.10"]
[Round "9.5"]
[White "Stoleriu , George"]
[Black "Toma, Radu Cristian"]
[Result "1-0"]
[WhiteElo "2352"]
[BlackElo "2371"]
[PlyCount "39"]
[EventDate "2019.03.02"]
[EventRounds "9"]

1. e4 c5 2. Nf3 e6 3. b3 d6 4. Bb2 Nf6 5. e5 dxe5 6. Nxe5 a6 7. g3 Nfd7 8. Bg2
Nxe5 9. Bxe5 Nc6 10. Bb2 Bd7 11. O-O Qc7 12. Qf3 h5 13. Re1 h4 14. Na3 f6 15.
Nc4 O-O-O 16. Bc3 Nd4 17. Bxd4 cxd4 18. Na5 Bb4 19. Nxb7 Bxd2 20. Nd6+ 1-0

[Event "FS Bucharest Gen IM"]
[Site "Bucharest ROM"]
[Date "2019.01.05"]
[Round "1.1"]
[White "Abramciuc, Marius"]
[Black "Stoleriu , George"]
[Result "1-0"]
[WhiteElo "2351"]
[BlackElo "2338"]
[PlyCount "77"]
[EventDate "2019.01.05"]

1. e4 e6 2. d4 d5 3. Nd2 Be7 4. c3 c5 5. dxc5 Nf6 6. exd5 Qxd5 7. Ngf3 Qxc5 8.
Bd3 O-O 9. O-O Nbd7 10. Qe2 b6 11. Ne4 Qc7 12. Nxf6+ Nxf6 13. Bg5 Bb7 14. Nd4
Qc5 15. Bh4 Qd5 16. f4 Bc5 17. Rad1 Bxd4+ 18. cxd4 Ne4 19. Bc4 Qc6 20. Kh1 Rfc8
21. Bb3 Re8 22. Qf3 Qb5 23. f5 Nd6 24. Qh5 Nxf5 25. d5 g6 26. Qg5 Qe2 27. Rf2
Qh5 28. Qxh5 gxh5 29. dxe6 Nxh4 30. exf7+ Kh8 31. fxe8=Q+ Rxe8 32. Kg1 a5 33.
Rfd2 Bxg2 34. Rd8 Rxd8 35. Rxd8+ Kg7 36. Rg8+ Kf6 37. Rxg2 Nxg2 38. Kxg2 Ke5
39. Kg3 1-0

[Event "FS Bucharest Gen IM"]
[Site "Bucharest ROM"]
[Date "2019.01.06"]
[Round "2.1"]
[White "Stoleriu , George"]
[Black "Gheorghiu, Calin"]
[Result "1-0"]
[WhiteElo "2338"]
[BlackElo "2288"]
[PlyCount "65"]
[EventDate "2019.01.05"]

1. Nf3 Nf6 2. c4 e6 3. b3 d5 4. Bb2 c5 5. cxd5 exd5 6. e3 Nc6 7. Be2 Bd6 8. O-O
O-O 9. d4 Qe7 10. Nc3 Rd8 11. Nb5 Bb8 12. dxc5 Qxc5 13. Bxf6 gxf6 14. Rc1 Qe7
15. Nbd4 Ne5 16. Nh4 Ng6 17. Nhf5 Bxf5 18. Nxf5 Qe5 19. Ng3 a5 20. Rc5 Qb2 21.
Nh5 f5 22. Bf3 Ne7 23. Rb5 Ra6 24. Rxb7 Qe5 25. g3 Qd6 26. Qd4 f6 27. Be2 Rc6
28. Bb5 Rc7 29. Nxf6+ Kf7 30. Ne8 Rxe8 31. Bxe8+ Kxe8 32. Qh8+ Kd7 33. Qxb8 1-0

[Event "FS Bucharest Gen IM"]
[Site "Bucharest ROM"]
[Date "2019.01.07"]
[Round "3.1"]
[White "Ciolacu, Alessia-Mihaela"]
[Black "Stoleriu , George"]
[Result "0-1"]
[WhiteElo "2109"]
[BlackElo "2338"]
[PlyCount "112"]
[EventDate "2019.01.05"]

1. d4 e6 2. Nf3 Nf6 3. e3 b6 4. Bd3 Bb7 5. O-O g6 6. c4 Bg7 7. Nc3 O-O 8. e4 d6
9. Bg5 h6 10. Bh4 Nbd7 11. Re1 e5 12. d5 a6 13. b4 Qe8 14. Rc1 Nh5 15. Nd2 f5
16. f3 f4 17. Nb3 g5 18. Bf2 Nhf6 19. c5 Bc8 20. cxd6 cxd6 21. Na4 b5 22. Nb6
Nxb6 23. Bxb6 Bd7 24. Na5 Qg6 25. Nc6 Kh8 26. Re2 g4 27. Kh1 Qh5 28. Rec2 Ne8
29. Ne7 gxf3 30. gxf3 Bh3 31. Nf5 Bf6 32. Rc6 Rg8 33. R1c2 Qg6 34. Bf1 Bxf5 35.
exf5 Qxf5 36. Bd3 Qh3 37. Qe2 Be7 38. Bc7 Rg7 39. Qf1 Qh5 40. Bb6 Rg8 41. a4
Nf6 42. axb5 axb5 43. Rg2 Nxd5 44. Bxb5 Rg3 45. Bc4 Rag8 46. Bxd5 Rxg2 47. Qxg2
Rxg2 48. Kxg2 Qg6+ 49. Kf2 Bh4+ 50. Ke2 Qg2+ 51. Kd3 Qf1+ 52. Kc2 Qe2+ 53. Kc1
Qe1+ 54. Kc2 Qxb4 55. Kd3 Qb5+ 56. Ke4 Qb1+ 0-1

[Event "FS Bucharest Gen IM"]
[Site "Bucharest ROM"]
[Date "2019.01.08"]
[Round "4.1"]
[White "Stoleriu , George"]
[Black "Dumitrache, Dragos Nicolae"]
[Result "1/2-1/2"]
[WhiteElo "2338"]
[BlackElo "2387"]
[PlyCount "85"]
[EventDate "2019.01.05"]

1. e4 e5 2. Nf3 Nc6 3. Bb5 Nf6 4. d3 d6 5. c3 a6 6. Ba4 g6 7. O-O Bg7 8. Re1
O-O 9. Bg5 h6 10. Bh4 Bd7 11. Nbd2 Qe8 12. Bxf6 Bxf6 13. Nf1 Bg7 14. Ne3 Kh8
15. Nd5 Rc8 16. Bc2 Nd8 17. a4 Ne6 18. a5 Qd8 19. Ba4 Bxa4 20. Rxa4 c6 21. Ne3
Kh7 22. Qc2 Rc7 23. Rd1 Rd7 24. Re1 d5 25. Ng4 f6 26. Raa1 h5 27. Ne3 Bh6 28.
Nf1 Qc7 29. Ng3 Rfd8 30. d4 exd4 31. Nxh5 Rf7 32. exd5 d3 33. Qxd3 Rxd5 34. Qc4
Nc5 35. Ng3 Nd3 36. Re2 Rfd7 37. Ne4 Qf4 38. Nd4 Ne5 39. Qb3 Bg7 40. Ne6 Qg4
41. Nf8+ Kh6 42. Nxd7 Nf3+ 43. Kf1 1/2-1/2

[Event "FS Bucharest Gen IM"]
[Site "Bucharest ROM"]
[Date "2019.01.11"]
[Round "7.1"]
[White "Cosma, Ioan"]
[Black "Stoleriu , George"]
[Result "1/2-1/2"]
[WhiteElo "2404"]
[BlackElo "2338"]
[PlyCount "109"]
[EventDate "2019.01.05"]

1. d4 e6 2. c4 Nf6 3. Nf3 Bb4+ 4. Bd2 Qe7 5. g3 Nc6 6. Nc3 Bxc3 7. Bxc3 Ne4 8.
Rc1 O-O 9. Bg2 d6 10. d5 Nxc3 11. Rxc3 Nb8 12. dxe6 fxe6 13. O-O Nc6 14. Nd4
Nxd4 15. Qxd4 e5 16. Qd5+ Kh8 17. c5 Rb8 18. cxd6 cxd6 19. Rd1 Rd8 20. Qc4 Be6
21. Qc7 Qd7 22. Bd5 Bxd5 23. Rxd5 h6 24. h4 Qxc7 25. Rxc7 Rdc8 26. Rxc8+ Rxc8
27. Rxd6 Rc2 28. e3 Rxb2 29. Rd7 h5 30. a4 Rb4 31. a5 Rb5 32. a6 bxa6 33. Rxa7
Ra5 34. Kg2 e4 35. Re7 Ra4 36. Re5 g6 37. Re7 Kg8 38. g4 Kf8 39. Rc7 hxg4 40.
Kg3 a5 41. Kxg4 Rb4 42. Ra7 Rb5 43. Kf4 Rf5+ 44. Kxe4 Rxf2 45. Rxa5 Rh2 46. Ke5
Rxh4 47. Kf6 Ke8 48. Re5+ Kd7 49. Kxg6 Kd6 50. Re8 Kd7 51. Kg5 Kxe8 52. Kxh4
Kf7 53. Kg4 Kg6 54. Kf4 Kf6 55. Ke4 1/2-1/2

[Event "FS Bucharest Gen IM"]
[Site "Bucharest ROM"]
[Date "2019.01.12"]
[Round "8.1"]
[White "Stoleriu , George"]
[Black "David, Alexandru-Vasile"]
[Result "1/2-1/2"]
[WhiteElo "2338"]
[BlackElo "2425"]
[PlyCount "102"]
[EventDate "2019.01.05"]

1. Nf3 g6 2. e4 Bg7 3. d4 d6 4. Nc3 Nf6 5. Bc4 Bg4 6. e5 dxe5 7. Bxf7+ Kf8 8.
Bb3 Nc6 9. dxe5 Qxd1+ 10. Nxd1 Nd7 11. Ng5 Nc5 12. Ne3 Bf5 13. Nxf5 gxf5 14. f4
Nd4 15. O-O Ncxb3 16. cxb3 Rd8 17. Be3 h6 18. Bxd4 hxg5 19. Be3 gxf4 20. Bxf4
Kf7 21. Rad1 Ke6 22. Rfe1 Rxd1 23. Rxd1 Bh6 24. g3 Bxf4 25. gxf4 Rh4 26. Rd4 c5
27. Rc4 Kd5 28. Ra4 a6 29. Kg2 b5 30. Rxa6 Rxf4 31. Rb6 b4 32. e6 Rd4 33. Kg3
Rd2 34. h4 Rxb2 35. Ra6 Ke5 36. h5 Kf6 37. h6 Kg6 38. Ra7 Kxh6 39. Rxe7 Rxa2
40. Kf4 Kg6 41. Rc7 Kf6 42. Rxc5 Kxe6 43. Rb5 Rg2 44. Rb6+ Kd5 45. Rb8 Kc5 46.
Rc8+ Kd4 47. Rc4+ Kd3 48. Kxf5 Rb2 49. Rxb4 Kc3 50. Rb5 Rxb3 51. Rxb3+ Kxb3
1/2-1/2

[Event "Openul International al Romaniei - A"]
[Site "?"]
[Date "2019.??.??"]
[Round "7"]
[White "Nester, Ihor"]
[Black "Stoleriu , George"]
[Result "0-1"]
[WhiteElo "2381"]
[BlackElo "2351"]
[Annotator "George Stoleriu"]
[PlyCount "88"]

1. Nf3 Nf6 2. c4 e6 3. d4 Bb4+ 4. Nbd2 O-O 5. a3 Be7 6. e4 d6 7. Be2 {
Am decis sa joc un side line, varianta principala fiind cu Cbd7} Nfd7 8. O-O e5
9. Nb1 a5 {Aceasta mutare este inexacta, cea mai buna continuare find exd4} (
9... exd4 10. Nxd4 Nc6 11. Be3 Bf6 12. Nc3 Re8) 10. Nc3 exd4 11. Nxd4 Nc5 12.
Bg4 {Aici apare prima mutare slaba a albului. Fiind la partida, aceasta mutare
m-a surprins. Ma asteptam la o continuare normala precum Ne3. Negrul nu
dispune de foarte mult spatiu, iar acest schimb de piese pe care albul il
ofera poate sa fie doar benefic pentru pozitia mea} Nc6 {Cum am spus si mai
devreme, incerc sa schimb cat mai multe piese pentru a scapa de problemele de
spatiu} 13. Nxc6 bxc6 14. Bxc8 Qxc8 {Dupa aceste schimburi deja incepuse sa
imi placa pozitia mea. Dama vine pe e6 de unde ameninta atat pionul e4 cat si
pionul c4, coloana B este libera pentru turn si voi face presiune pe pionul b2,
calul preseaza pe e4 si de asemenea controleaza si campul slab b3, iar nebunul
vine in f6 punand presiune aditionala pe pionul b2 si calul din c3} 15. Be3 Qe6
16. Bxc5 dxc5 {Desi structura mea de pioni nu este tocmai cea mai buna, avand
pioni triplati, acest schimb are si avantajele sale precum obtinerea campului
d4 pentru nebun si obtinerea nebunului contra cal, in acest caz nebunul meu
fiind mult mai puternic decat calul advers. De remarcat ca pionul c6 blocheaza
campuri importante pentru calul alb precum D5 sau B5} 17. b3 Bf6 18. Qc2 a4 {
Un aspect foarte important este viteza. Daca nu actionez repede, albul isi va
aseza piesele bine si nu voi mai avea sanse de castig asa ca prin a4 incerc sa
sparg pozitia adversa si sa creez si mai multeslabiciuni} 19. Rab1 axb3 20.
Qxb3 h6 {Pozitia mea dinamica este foarte buna si am un joc foarte usor, dar
trebuie sa imi fac mai intai loc pentru rege, iar configuratia actuala a
pieselor imi permite "sa pierd o mutare"} 21. Rfe1 Rfb8 22. Qxb8+ Rxb8 23.
Rxb8+ Kh7 {
S-a intrat fortat in acest final, orice alta mutari fiind inferioare pentru alb
} 24. e5 Bxe5 25. g3 f6 26. Rbb1 {Convertirea avantajului nu este atat de
usoara pentru negru deoarece daca albul apuca sa isi coordoneze piesele bine
poate tine pozitia} Qxc4 27. Rbc1 Bd4 28. Ne2 Qd5 {
O mutare inexacta ce ofera albului sanse mari de remiza} 29. Red1 h5 {
O mutare logica, vreau sa joc h4 si eventual h3 daca ma lasa, incercand astfel
sa profit de slabiciunile pe campurile albe si  sa creez amenintari de mat. Cu
toate acestea, mutarea este inexacta si la joc corect al albului putea duce la
remiza} 30. a4 g5 31. Nxd4 cxd4 32. a5 {O greseala mare, albul isi da pionul
liber si astfel singura sa sansa de remiza. Mai buna ar fi fost continuarea} (
32. Ra1 h4 33. gxh4 gxh4 34. h3 {Astfel albul ameninta sa impinga pionul a
pana la dama iar negrul nu are ce face mai bun decat sa dea sah etern si sa se
multumeasca cu remiza}) 32... h4 33. gxh4 gxh4 34. h3 Qxa5 {Dupa capturarea
ultimei sanse de contrajoc a albului, victoria este doar o formalitate,
amenintarea de impingere a pionilor spre dama este de neoprit, aceasta fiind
combinata cu slabiciunea regelui advers} 35. Rxc6 Qg5+ 36. Kh2 Qe5+ 37. Kg1 d3
38. Rc4 d2 39. Rxh4+ Kg6 40. Rg4+ Kf5 41. Kh1 Qe2 42. Rgg1 c5 43. Ra1 c4 44.
Ra5+ Ke4 0-1

[Event "European Youth Team Chess Championship "]
[Site "?"]
[Date "2019.07.14"]
[Round "?"]
[White "Pechac, Jergus"]
[Black "Stoleriu , George"]
[Result "1-0"]
[WhiteElo "2469"]
[BlackElo "2360"]
[PlyCount "175"]
[EventDate "2019.??.??"]

1. d4 e6 2. e4 d5 3. Nc3 Bb4 4. e5 c5 5. a3 Bxc3+ 6. bxc3 Qc7 7. Qg4 f6 8. Qg3
Qf7 9. Nf3 c4 10. a4 Nc6 11. Be2 Nge7 12. O-O Qg6 13. Ba3 Nf5 14. Qf4 Qh6 15.
Qxh6 Nxh6 16. exf6 gxf6 17. Nh4 Ne7 18. Rab1 Ng6 19. Bh5 Rg8 20. g3 Kd7 21. Ng2
Nf5 22. Rfe1 Nd6 23. Bf3 Rb8 24. h4 f5 25. a5 Ne4 26. Bxe4 fxe4 27. Bc5 Ra8 28.
Re3 e5 29. h5 exd4 30. cxd4 Nh8 31. Nf4 Kc6 32. Ree1 Nf7 33. Rb4 Ng5 34. Kg2
Nf3 35. Reb1 Nd2 36. Rd1 Nf3 37. Rdb1 Nd2 38. R1b2 Rg7 39. Rb5 c3 40. R2b4 Bg4
41. Nxd5 Bf3+ 42. Kg1 Be2 43. Ne7+ Rxe7 44. d5+ Kxd5 45. Bxe7+ Bxb5 46. Rxb5+
Ke6 47. Rxb7 Nf3+ 48. Kf1 Nd4 49. Bg5 Kf5 50. Bf4 Rd8 51. Rf7+ Kg4 52. Be5 Nf5
53. Bxc3 Rc8 54. Be1 Rxc2 55. h6 a6 56. Rxh7 e3 57. Kg2 exf2 58. Bxf2 Rc6 59.
Rb7 Rxh6 60. Rb4+ Kg5 61. g4 Nh4+ 62. Kg3 Re6 63. Rf4 Ng6 64. Rf5+ Kh6 65. Rh5+
Kg7 66. Bd4+ Kg8 67. Kf3 Kf7 68. Rh7+ Kg8 69. Rg7+ Kf8 70. Ra7 Ke8 71. Bb6 Ne5+
72. Kf4 Nc4 73. Rxa6 Kf7 74. Ra7+ Kg6 75. Bd4 Nd6 76. Rg7+ Kh6 77. g5+ Kh5 78.
Rh7+ Kg6 79. Rh6+ Kf7 80. Rxe6 Kxe6 81. a6 Nb5 82. a7 Nc7 83. Ke4 Kd7 84. g6
Ke6 85. Bb6 Na8 86. Ba5 Kf6 87. Kd5 Kxg6 88. Kc6 1-0

[Event "European Youth Team Chess Championship "]
[Site "?"]
[Date "2019.07.15"]
[Round "?"]
[White "Sramek, Vojtech"]
[Black "Stoleriu , George"]
[Result "1/2-1/2"]
[WhiteElo "2233"]
[BlackElo "2360"]
[PlyCount "95"]
[EventDate "2019.??.??"]

1. e4 e6 2. d4 d5 3. Nc3 Bb4 4. exd5 exd5 5. Bd3 c6 6. Nge2 Ne7 7. O-O Bf5 8.
Ng3 Bxd3 9. Qxd3 O-O 10. Nce2 Nd7 11. Nh5 Bd6 12. Bg5 Qc7 13. Qh3 Ng6 14. Neg3
Bxg3 15. fxg3 f6 16. Bd2 Nb6 17. b3 Qd6 18. Rae1 Rae8 19. g4 Rxe1 20. Rxe1 Qd7
21. Qf3 Re8 22. Rf1 Re6 23. Ng3 Nc8 24. Bb4 Nd6 25. Nf5 Ne4 26. h4 h6 27. h5
Nh8 28. Qf4 Re8 29. Re1 b6 30. c4 c5 31. dxc5 bxc5 32. Ba3 Nf7 33. cxd5 Qxd5
34. Bb2 a5 35. Ng3 Nfd6 36. Nxe4 Nxe4 37. Qf3 Qd2 38. Rxe4 Rxe4 39. Qxe4 Qxb2
40. Qe8+ Kh7 41. Qe4+ Kh8 42. Qa8+ Kh7 43. Qxa5 Qd4+ 44. Kf1 Qf4+ 45. Ke1 Qg3+
46. Kf1 Qf4+ 47. Ke1 Qg3+ 48. Kf1 1/2-1/2

[Event "European Youth Team Chess Championship "]
[Site "?"]
[Date "2019.07.17"]
[Round "?"]
[White "Stoleriu , George"]
[Black "Bronstein, Or"]
[Result "1-0"]
[WhiteElo "2360"]
[BlackElo "2378"]
[PlyCount "83"]
[EventDate "2019.??.??"]

1. e4 c5 2. Nf3 d6 3. c3 Nf6 4. h3 Nc6 5. Bd3 d5 6. exd5 Qxd5 7. Qe2 Bf5 8. Bc4
Qd6 9. O-O e6 10. d4 cxd4 11. Nxd4 Nxd4 12. cxd4 a6 13. Nc3 Be7 14. Rd1 b5 15.
Bb3 O-O 16. d5 e5 17. Bg5 Rac8 18. Rac1 Rc5 19. Bc2 Bxc2 20. Rxc2 Rfc8 21. Rcd2
Rc4 22. Bxf6 Bxf6 23. Ne4 Qb6 24. b3 Rc1 25. d6 Bd8 26. d7 R8c7 27. Rd6 R7c6
28. Rxc1 Rxc1+ 29. Kh2 Rc6 30. Rd5 f5 31. Ng3 f4 32. Ne4 Qc7 33. Qh5 Rg6 34.
Qxe5 f3 35. g3 Qxe5 36. Rxe5 Kf7 37. Re8 Be7 38. d8=Q Bxd8 39. Rxd8 Ke7 40. Rd3
Re6 41. Nc3 b4 42. Nd5+ 1-0

[Event "FS Bucharest IM"]
[Site "?"]
[Date "2019.01.09"]
[Round "?"]
[White "Tejaswini, Sagar"]
[Black "Stoleriu , George"]
[Result "0-1"]
[WhiteElo "2190"]
[BlackElo "2338"]
[PlyCount "112"]
[EventDate "2019.??.??"]

1. e4 e6 2. d4 d5 3. Nd2 Be7 4. Ngf3 Nf6 5. e5 Nfd7 6. Bd3 c5 7. c3 Nc6 8. O-O
g5 9. dxc5 g4 10. Nd4 Ndxe5 11. Bb5 Bd7 12. N2b3 h5 13. Qe2 Ng6 14. f4 Nxd4 15.
cxd4 Bxb5 16. Qxb5+ Qd7 17. Qxd7+ Kxd7 18. g3 h4 19. Bd2 Rh5 20. Kg2 Rah8 21.
Rh1 Bf6 22. Be3 Ne7 23. Rad1 Nf5 24. Bf2 Kc7 25. a4 Bg7 26. Rde1 hxg3 27. hxg3
Rh3 28. Rxh3 Rxh3 29. Rh1 Nh4+ 30. Kg1 Nf3+ 31. Kg2 Rxh1 32. Kxh1 f6 33. Nc1 e5
34. fxe5 fxe5 35. dxe5 Bxe5 36. Nd3 a6 37. Kg2 Kd7 38. Kf1 Ke6 39. Ke2 Ng5 40.
Be3 Ne4 41. Nf4+ Kd7 42. Nxd5 Nxg3+ 43. Kf2 Ne4+ 44. Kg2 Bxb2 45. Nb4 a5 46.
Nd3 Bc3 47. Nf4 Kc6 48. Ne6 Bf6 49. Kf1 Kd5 50. Nc7+ Kc4 51. Na8 Bd8 52. Nb6+
Bxb6 53. cxb6 Kb4 54. Ke2 Nc5 55. Kd2 Nxa4 56. Kd3 Kb5 0-1

[Event "FS Bucharest IM"]
[Site "?"]
[Date "2019.01.10"]
[Round "?"]
[White "Stoleriu , George"]
[Black "Sahil, Tickoo"]
[Result "1-0"]
[WhiteElo "2338"]
[BlackElo "2260"]
[PlyCount "97"]
[EventDate "2019.??.??"]

1. Nf3 d5 2. c4 e6 3. b3 Nf6 4. Bb2 Be7 5. g3 O-O 6. Bg2 c5 7. cxd5 exd5 8. d4
cxd4 9. Nxd4 Nc6 10. O-O Qb6 11. Nxc6 bxc6 12. Nc3 Rd8 13. Rc1 Bg4 14. Na4 Qb5
15. Qd4 a5 16. h3 Be6 17. Nc5 Bf8 18. a4 Bxc5 19. Qxf6 gxf6 20. axb5 Be7 21.
bxc6 Rdc8 22. f4 f5 23. g4 f6 24. gxf5 Bf7 25. Rf3 Kf8 26. Bd4 a4 27. bxa4 Rxa4
28. Rd3 Rc4 29. Rxc4 dxc4 30. Rc3 Bb4 31. Rc2 Ke7 32. Rb2 Bd6 33. e3 Be8 34.
Rb7+ Rc7 35. Bc5 Bxc5 36. Rxc7+ Kd6 37. Rc8 Bxe3+ 38. Kf1 c3 39. Be4 Bh5 40.
Rd8+ Kc7 41. Rd7+ Kb8 42. Rb7+ Kc8 43. Bd5 Bb6 44. Be6+ Kd8 45. Rd7+ Kc8 46.
Rxh7+ Kb8 47. Rb7+ Ka8 48. Rxb6 c2 49. Ra6+ 1-0

[Event "FS Bucharest IM"]
[Site "?"]
[Date "2019.01.13"]
[Round "?"]
[White "Serra Azul Neto, Francisco"]
[Black "Stoleriu , George"]
[Result "1/2-1/2"]
[WhiteElo "1915"]
[BlackElo "2338"]
[PlyCount "62"]
[EventDate "2019.??.??"]

1. d4 e6 2. e4 d5 3. Nc3 Bb4 4. Nge2 Nf6 5. Bg5 dxe4 6. a3 Be7 7. Bxf6 Bxf6 8.
Nxe4 O-O 9. g3 e5 10. Bg2 Re8 11. dxe5 Bxe5 12. Qxd8 Rxd8 13. c3 g6 14. O-O Bg4
15. f3 Bd7 16. Rfd1 Na6 17. Rd5 Bd6 18. Nxd6 Bc6 19. Rd4 Rxd6 20. Rxd6 cxd6 21.
Rd1 Re8 22. Kf2 Bb5 23. Nd4 Ba4 24. b3 Bd7 25. f4 Nc5 26. b4 Ne4+ 27. Bxe4 Rxe4
28. Nf3 Bb5 29. Nd4 Bc4 30. Re1 d5 31. Re3 Kg7 1/2-1/2